[Event "TUR-chT 2nd League"]
[Site "Konya"]
[Date "2018.07.21"]
[Round "8.8"]
[White "Melik, Enes"]
[Black "Erkole, Melih Naci"]
[Result "1/2-1/2"]
[WhiteElo "1521"]
[BlackElo "1698"]
[PlyCount "117"]
[EventDate "2018.07.16"]
[EventType "team-swiss"]
[EventRounds "9"]
[EventCountry "TUR"]
[SourceTitle "EXT 2019"]
[Source "ChessBase"]
[SourceDate "2018.10.10"]
[SourceVersion "1"]
[SourceVersionDate "2018.10.10"]
[SourceQuality "1"]
[WhiteTeam "Altin Hamle Corum"]
[BlackTeam "Bursa Nida"]
[WhiteTeamCountry "TUR"]
[BlackTeamCountry "TUR"]

1. e4 d5 2. exd5 Qxd5 3. Nc3 Qd8 4. Nf3 Bf5 5. d4 Nf6 6. Be3 e6 7. Be2 c6 8. 0-0 Nbd7 9. Bf4 h6 10. Ne5 Nxe5 11. Bxe5 Nd7 12. Bg3 Be7 13. Bd3 Bxd3 14. Qxd3 Nf6 15. Rad1 0-0 16. Nb1 Qb6 17. Nd2 Rad8 18. Nc4 Qa6 19. Ne5 Qxd3 20. Rxd3 Ne4 21. Bf4 c5 22. Re1 Nf6 23. dxc5 Bxc5 24. Red1 Rxd3 25. Nxd3 Rd8 26. Kf1 Kf8 27. Ke1 Bb6 28. Bg3 Ne4 29. f3 Nxg3 30. hxg3 Ke7 31. Ke2 Kf6 32. Nf2 Rxd1 33. Ne4+ Ke5 34. Kxd1 f5 35. Nd2 Bf2 36. Nf1 g5 37. Ke2 Bc5 38. Ne3 h5 39. Nc4+ Kd4 40. Nd2 Kd5 41. a3 e5 42. Kd3 Bf2 43. Nf1 e4+ 44. Ke2 Bd4 45. Ne3+ Bxe3 46. Kxe3 exf3 47. Kxf3 Kd4 48. Ke2 Ke4 49. Kf2 f4 50. gxf4 Kxf4 51. c4 h4 52. c5 Ke5 53. b4 a6 54. a4 g4 55. b5 axb5 56. axb5 Kd5 57. c6 bxc6 58. bxc6 Kxc6 59. Ke3 1/2-1/2

[Event "TUR-chT 2nd League"]
[Site "Konya"]
[Date "2018.07.16"]
[Round "1.3"]
[White "Erkole, Melih Naci"]
[Black "Eren, Baran"]
[Result "0-1"]
[WhiteElo "1698"]
[BlackElo "2095"]
[PlyCount "72"]
[EventDate "2018.07.16"]
[EventType "team-swiss"]
[EventRounds "9"]
[EventCountry "TUR"]
[SourceTitle "EXT 2019"]
[Source "ChessBase"]
[SourceDate "2018.10.10"]
[SourceVersion "1"]
[SourceVersionDate "2018.10.10"]
[SourceQuality "1"]
[WhiteTeam "Bursa Nida"]
[BlackTeam "Istanbul Moda"]
[WhiteTeamCountry "TUR"]
[BlackTeamCountry "TUR"]

1. e4 c5 2. Nf3 e6 3. c3 Nf6 4. e5 Nd5 5. d4 cxd4 6. cxd4 d6 7. Bc4 Be7 8. 0-0 0-0 9. Nc3 Nxc3 10. bxc3 b6 11. Ba3 dxe5 12. Bxe7 Qxe7 13. Nxe5 Bb7 14. Re1 Nd7 15. Nxd7 Qxd7 16. Qg4 Rac8 17. Bd3 Rxc3 18. Qh3 g6 19. Rad1 Ba6 20. Qe3 Rd8 21. Bxa6 Rxe3 22. fxe3 Qa4 23. Bf1 Qxa2 24. Ra1 Qd2 25. Re2 Qb4 26. Rxa7 Rc8 27. Raa2 Rc3 28. Rac2 Rxc2 29. Rxc2 Qb3 30. Rc8+ Kg7 31. Kf2 b5 32. Rb8 b4 33. Be2 Qb1 34. e4 b3 35. Ke3 Qc1+ 36. Kd3 b2 0-1